| 000 | 00431nam a2200181Ia 4500 | ||
|---|---|---|---|
| 001 | 17607 | ||
| 005 | 20260306171529.0 | ||
| 008 | 260306s9999||||xx |||||||||||||| ||und|| | ||
| 041 | _aESP | ||
| 082 |
_a658.1 _bCH556 |
||
| 100 |
_aChipana Rodríguez, Juan Andrés _eAUT |
||
| 245 | 0 | _aEconomía y empresa | |
| 260 | _c2016 | ||
| 300 |
_a168 páginas : _c24 cm. |
||
| 650 | _aGEN | ||
| 654 | _aCAN | ||
| 942 |
_cLIB _dJUS _fJUS _2ddc _n |
||
| 999 |
_c17607 _d17607 |
||